Statistics for Dance With Me - Blink-182 Lyric Quiz

Click here to take the quiz!

General Stats

  • This quiz has been taken 6 times
  • The average score is 177 of 398

Answer Stats

Lyrics% Correct
I
100%
I'm
100%
masturbation
100%
teach
100%
When
100%
always
75%
Don't
75%
fun
75%
have
75%
it
75%
just
75%
like
75%
maybe
75%
refuse
75%
she
75%
think
75%
with
75%
won't
75%
a
50%
all
50%
all
50%
all
50%
all
50%
all
50%
all
50%
all
50%
all
50%
all
50%
all
50%
all
50%
am
50%
are
50%
are
50%
around
50%
be
50%
been
50%
Been
50%
beg
50%
believe
50%
bit
50%
breaking
50%
but
50%
cause
50%
cause
50%
chance
50%
chance
50%
come
50%
come
50%
come
50%
come
50%
could
50%
could
50%
Dance
50%
dance
50%
dance
50%
dance
50%
Dance
50%
devil's
50%
devil's
50%
do
50%
do
50%
doing
50%
doing
50%
doing
50%
doing
50%
doing
50%
doing
50%
doing
50%
doing
50%
doing
50%
door
50%
drinks
50%
dumb
50%
everything
50%
eyeing
50%
eyeing
50%
fall
50%
for
50%
friends
50%
friends
50%
fucked
50%
games
50%
getting
50%
girl
50%
go
50%
go
50%
gonna
50%
got
50%
got
50%
got
50%
got
50%
green
50%
her
50%
here
50%
here
50%
here
50%
hips
50%
hips
50%
I
50%
I
50%
I
50%
I
50%
I
50%
I
50%
I
50%
I
50%
in
50%
is
50%
it
50%
it
50%
it
50%
it
50%
it
50%
it
50%
it
50%
it
50%
it
50%
it's
50%
I've
50%
just
50%
just
50%
know
50%
know
50%
knows
50%
like
50%
like
50%
like
50%
long
50%
long
50%
long
50%
long
50%
long
50%
long
50%
long
50%
long
50%
long
50%
lose
50%
lose
50%
love
50%
make
50%
make
50%
making
50%
me
50%
me
50%
me
50%
me
50%
Me
50%
me
50%
me
50%
me
50%
me
50%
mind
50%
mine
50%
more
50%
my
50%
my
50%
naive
50%
night
50%
night
50%
night
50%
night
50%
night
50%
night
50%
night
50%
night
50%
night
50%
night
50%
night
50%
now
50%
now
50%
now
50%
old
50%
Olé
50%
Olé
50%
Olé
50%
Olé
50%
Olé
50%
Olé
50%
Olé
50%
Olé
50%
Olé
50%
Olé
50%
Olé
50%
Olé
50%
Olé
50%
Olé
50%
Olé
50%
Olé
50%
Olé
50%
Olé
50%
Olé
50%
Olé
50%
Olé
50%
Olé
50%
Olé
50%
Olé
50%
Olé
50%
Olé
50%
Olé
50%
Olé
50%
Olé
50%
Olé
50%
Olé
50%
Olé
50%
or
50%
out
50%
prettiest
50%
pushing
50%
really
50%
rough
50%
routines
50%
scream
50%
shaking
50%
shaking
50%
she
50%
shittiest
50%
so
50%
so
50%
so
50%
song
50%
Telling
50%
telling
50%
that
50%
that
50%
that
50%
that
50%
that
50%
the
50%
the
50%
the
50%
these
50%
think
50%
This
50%
those
50%
those
50%
to
50%
to
50%
to
50%
to
50%
to
50%
tonight
50%
too
50%
too
50%
trying
50%
up
50%
waiting
50%
waiting
50%
waiting
50%
wanna
50%
want
50%
want
50%
want
50%
want
50%
wanting
50%
we
50%
we
50%
we're
50%
we're
50%
we're
50%
we're
50%
we're
50%
we're
50%
we're
50%
we're
50%
weren't
50%
what
50%
wishing
50%
with
50%
with
50%
with
50%
with
50%
with
50%
won't
50%
Yeah
50%
Yeah
50%
Yeah
50%
Yeah
50%
Yeah
50%
Yeah
50%
Yeah
50%
Yeah
50%
you
50%
you
50%
you
50%
you
50%
you
50%
you
50%
you
50%
you
50%
you
50%
you
50%
you
50%
you
50%
you
50%
you
50%
your
50%
your
50%
you're
50%
a
25%
all
25%
all
25%
all
25%
all
25%
all
25%
all
25%
all
25%
all
25%
been
25%
been
25%
do
25%
doing
25%
doing
25%
doing
25%
doing
25%
doing
25%
doing
25%
every
25%
every
25%
games
25%
have
25%
hurricane
25%
it
25%
it
25%
it
25%
it
25%
it
25%
it
25%
it
25%
like
25%
like
25%
like
25%
little
25%
long
25%
long
25%
long
25%
long
25%
long
25%
long
25%
long
25%
long
25%
me
25%
my
25%
night
25%
night
25%
night
25%
night
25%
night
25%
night
25%
night
25%
night
25%
Olé
25%
Olé
25%
Olé
25%
Olé
25%
Olé
25%
Olé
25%
Olé
25%
Olé
25%
Olé
25%
Olé
25%
Olé
25%
Olé
25%
Olé
25%
Olé
25%
Olé
25%
Olé
25%
play
25%
playing
25%
to
25%
to
25%
we're
25%
we're
25%
we're
25%
we're
25%
we're
25%
Yeah
25%
Yeah
25%
Yeah
25%
Yeah
25%
Yeah
25%
Yeah
25%
Yeah
25%
You
25%
you
25%
You
25%
You
25%
your
25%
and
0%
away
0%
beat
0%
day
0%
from
0%
heart
0%
I'd
0%
miles
0%
spin
0%
them
0%
way
0%

Score Distribution

Percentile by Number Answered

Percent of People with Each Score

Your Score History

You have not taken this quiz